000 00431nam a22001457a 4500
005 20170105102929.0
008 131218b xxu||||| |||| 00| 0 eng d
020 _a9789694025636
040 _a1
082 _a307.1412
_bCOS 2013
100 _4Cossins, Noel
245 _aThe Man in the Hat
_bThe story of Shoaib Sultan Khan and the rural poor of South Asia
_cNoel Cossins
260 _aLahore
_bVanguard Boos
_c2013
942 _2ddc
_cBK
999 _c15956
_d15956